[Event "GRE-chT U16"]
[Site "Thessaloniki"]
[Date "2021.12.18"]
[Round "4.3"]
[White "Mousliadis, Ippokratis"]
[Black "Siranidis, Petros"]
[Result "1-0"]
[WhiteElo "1200"]
[BlackElo "858"]
[PlyCount "99"]
[EventDate "2021.12.16"]
[EventType "team-swiss"]
[EventRounds "6"]
[EventCountry "GRE"]
[SourceTitle "CBM 205 Extra"]
[Source "ChessBase"]
[SourceDate "2022.01.31"]
[SourceVersion "1"]
[SourceVersionDate "2022.01.31"]
[SourceQuality "1"]
[WhiteTeam "Peiraikos"]
[BlackTeam "Acharnon"]
[WhiteTeamCountry "GRE"]
[BlackTeamCountry "GRE"]

1. e4 e5 2. Nf3 Nc6 3. Bc4 h6 4. d3 Bb4+ 5. c3 Ba5 6. a4 d6 7. b4 Bb6 8. a5 Bxf2+ 9. Kxf2 Nf6 10. Re1 Ng4+ 11. Kg1 Qe7 12. b5 Nb8 13. h3 Nf6 14. Be3 Be6 15. Nbd2 Bxc4 16. Nxc4 Qd7 17. b6 axb6 18. axb6 Rxa1 19. Qxa1 cxb6 20. Nxb6 Qb5 21. Qa4 Qxa4 22. Nxa4 Nc6 23. Rb1 0-0 24. Nb6 Rd8 25. Nd5 Nxd5 26. exd5 Ne7 27. c4 Nf5 28. Bf2 Rd7 29. Nd2 Nd4 30. Bxd4 exd4 31. Nf3 Re7 32. Nxd4 Re3 33. Rxb7 Rxd3 34. Nb5 Rd1+ 35. Kh2 Rb1 36. Nxd6 Rxb7 37. Nxb7 Kf8 38. c5 Ke7 39. c6 f6 40. d6+ Ke6 41. c7 Kd7 42. Nc5+ Kc8 43. Na4 Kb7 44. Nb6 Kxb6 45. c8Q g5 46. d7 h5 47. d8Q+ Kb5 48. Qdd7+ Kb6 49. Qdb7+ Ka5 50. Qca8# 1-0

[Event "GRE-chT U16"]
[Site "Thessaloniki"]
[Date "2021.12.17"]
[Round "2.3"]
[White "Sarafis, Rafail"]
[Black "Mousliadis, Ippokratis"]
[Result "0-1"]
[WhiteElo "1471"]
[BlackElo "1200"]
[PlyCount "84"]
[EventDate "2021.12.16"]
[EventType "team-swiss"]
[EventRounds "6"]
[EventCountry "GRE"]
[SourceTitle "CBM 205 Extra"]
[Source "ChessBase"]
[SourceDate "2022.01.31"]
[SourceVersion "1"]
[SourceVersionDate "2022.01.31"]
[SourceQuality "1"]
[WhiteTeam "Chanion"]
[BlackTeam "Peiraikos"]
[WhiteTeamCountry "GRE"]
[BlackTeamCountry "GRE"]

1. d4 f5 2. c4 Nf6 3. Nc3 d6 4. Nf3 g6 5. g3 Bg7 6. Bg2 0-0 7. 0-0 c6 8. Qb3 Kh8 9. c5 dxc5 10. dxc5 Nbd7 11. Ng5 Nxc5 12. Qc4 h6 13. Qxc5 hxg5 14. Bxg5 Qd6 15. Qc4 Be6 16. Qh4+ Kg8 17. Rfd1 Qc7 18. Bh6 Ng4 19. Bxg7 Kxg7 20. h3 Rh8 21. Qg5 Nf6 22. Rac1 Rh5 23. Qe3 Bf7 24. f4 Rhh8 25. Qf2 e5 26. fxe5 Qxe5 27. Qf4 Qxf4 28. gxf4 Rad8 29. Kf2 Rhe8 30. a3 Bb3 31. Rxd8 Rxd8 32. Ke3 Nh5 33. Nb1 Re8+ 34. Kf2 Nxf4 35. Re1 Nxg2 36. Kxg2 Re3 37. Nc3 Bd5+ 38. Nxd5 cxd5 39. Kf2 Rxh3 40. Rd1 Rb3 41. Rd2 Kf6 42. e3 Ke5 0-1

[Event "GRE-chT Online Rapid op 1st"]
[Site "Tornelo INT"]
[Date "2021.02.21"]
[Round "5.19"]
[White "Lampropoulos, Pavlos"]
[Black "Mousliadis, Ippokratis"]
[Result "0-1"]
[WhiteElo "1287"]
[BlackElo "1077"]
[PlyCount "130"]
[EventDate "2021.02.20"]
[EventType "team-swiss (rapid)"]
[EventRounds "9"]
[EventCountry "GRE"]
[SourceTitle "EXT 2023"]
[Source "ChessBase"]
[SourceDate "2022.10.05"]
[SourceVersion "1"]
[SourceVersionDate "2022.10.05"]
[SourceQuality "1"]

1. e4 Nf6 2. Nc3 d5 3. exd5 Nxd5 4. Nxd5 Qxd5 5. d4 Nc6 6. c3 e5 7. dxe5 Qxd1+ 8. Kxd1 Nxe5 9. f3 Be6 10. Kc2 0-0-0 11. Bf4 Bf5+ 12. Kb3 Nd3 13. Bxd3 Bxd3 14. Nh3 h6 15. Nf2 Bh7 16. Rad1 Bc5 17. Ne4 Bxe4 18. fxe4 Rhe8 19. Rxd8+ Rxd8 20. Kc2 Bd6 21. Rf1 f6 22. g3 Bxf4 23. gxf4 Re8 24. Kd3 c5 25. b3 Kd7 26. Rd1 Re6 27. Ke3+ Rd6 28. Rg1 g5 29. fxg5 hxg5 30. Rf1 Ke6 31. Rh1 Ra6 32. a4 Rb6 33. Rb1 Rd6 34. c4 Rd4 35. Rf1 b6 36. h3 Rd8 37. Rh1 Rh8 38. Rh2 Rh4 39. Kd3 g4 40. Ke3 Rxh3+ 41. Rxh3 gxh3 42. Kf3 Ke5 43. Kg3 Kxe4 44. Kxh3 Ke3 45. Kg4 Ke4 46. Kg3 f5 47. Kf2 Kf4 48. b4 cxb4 49. a5 b3 50. axb6 axb6 51. c5 bxc5 52. Kf1 b2 53. Kf2 b1R 54. Ke2 Rb2+ 55. Kd3 Rb4 56. Ke2 Rb3 57. Kd2 Kg3 58. Kc2 c4 59. Kd2 f4 60. Ke2 Kg2 61. Kd2 f3 62. Ke1 Rb2 63. Kd1 f2 64. Kc1 c3 65. Kd1 f1R# 0-1